Rogue Nations : (Record no. 618794)

MARC details
000 -LEADER
fixed length control field 00481nam a2200181 a 4500
008 - FIXED-LENGTH DATA ELEMENTS--GENERAL INFORMATION
fixed length control field 260407s2006##################000#0#eng##
020 ## - INTERNATIONAL STANDARD BOOK NUMBER
ISBN 9780737734218
082 04 - DEWEY DECIMAL CLASSIFICATION NUMBER
Classification number 355.033
Item number GER
100 1# - MAIN ENTRY--AUTHOR NAME
Personal name Gerdes, Louise I.,
245 10 - TITLE STATEMENT
Title Rogue Nations :
260 ## - PUBLICATION, DISTRIBUTION, ETC. (IMPRINT)
Name of publisher Greenhaven Publishing,
Year of publication 2006.
650 #0 - SUBJECT ADDED ENTRY--TOPICAL TERM
Topical Term Security, International.
942 ## - ADDED ENTRY ELEMENTS (KOHA)
Koha item type English Books
Holdings
Withdrawn status Lost status Damaged status Not for loan Home library Current library Shelving location Date acquired Full call number Accession Number Price effective from Koha item type
        Anna Centenary Library Anna Centenary Library 4TH FLOOR, A WING 07.04.2026 355.033 GER 204657 07.04.2026 English Books

Find us on the map